000 01051nam0a22002651 4500
001 rc\711485
005 20031121170823.7
035 _a(NLR Aleph) 005946514
090 _a6734480
_c6734480
100 _a20031121d1985 u |0rusy50 ca
101 0 _arus
102 _aRU
105 _aa |||||||||
200 1 _aТехнология машиностроения легкой промышленности
_e[Учеб. для мех. спец. технол. ин-тов лег. пром-сти]
_fА.С. Зенкин, Л.М. Гулько, Л.Ф. Михайленко
210 _aКиев
_cВища школа
_d1985
215 _a222 с.
_cил.
_d22
320 _aБиблиогр.: с. 219-220 (32 назв.)
700 1 _aЗенкин
_bА. С.
_gАнатолий Семенович
701 1 _aГулько
_bЛ. М.
_gЛюбовь Михайловна
701 1 _aМихайленко
_bЛ. Ф.
_gЛеонид Федорович
801 0 _aRU
_bNLR
_gpsbo
801 1 _aRU
_bELAR
_2rusmarc
852 _aNLR
_j85-5/4855
942 _cBOOK
980 _aNB